Le paradis perdu de Milton / (Record no. 159695)

MARC details
000 -LEADER
campo de control de longitud fija 00982nam a2200253 i 4500
001 - NÚMERO DE CONTROL
campo de control 159695
003 - IDENTIFICADOR DE NÚMERO DE CONTROL
campo de control ES-MaACL
005 - FECHA Y HORA DE LA ÚLTIMA TRANSACCIÓN
campo de control 20250807123458.0
008 - DATOS DE LONGITUD FIJA--INFORMACIÓN GENERAL
campo de control de longitud fija 040916s1871 fr |||| | fre d
100 1# - ENTRADA PRINCIPAL--NOMBRE DE PERSONA
Nombre de persona Milton, John (
Fechas asociadas al nombre 1608-1674)
9 (RLIN) 81300
240 10 - TÍTULO UNIFORME
Título uniforme Paradise lost.
Lenguaje de la obra Francés
245 13 - MENCIÓN DEL TÍTULO
Título Le paradis perdu de Milton /
Mención de responsabilidad, etc. traduction de F. de Chateaubriand ; [p]récédée d'une étude de John Lemoine.
250 ## - MENCION DE EDICION
Mención de edición Nouvelle éd.
260 ## - PUBLICACIÓN, DISTRIBUCIÓN, ETC.
Lugar de publicación, distribución, etc. Paris :
Nombre del editor, distribuidor, etc. Michel Lévy Frères,
Fecha de publicación, distribución, etc. 1871 (
Lugar de fabricación/manufactura Clichy :
Fabricante Imp. Paul Dupont et C.)
300 ## - DESCRIPCIÓN FÍSICA
Extensión 335, [2] p. ;
Dimensiones 18 cm.
490 1# - MENCIÓN DE SERIE
Mención de serie Collection Michel Lévy
490 1# - MENCIÓN DE SERIE
Mención de serie Oeuvres choisies de F. de Chateubriand
700 1# - ENTRADA AGREGADA--NOMBRE PERSONAL
Nombre de persona Chateaubriand, François-René,
Títulos y otros términos asociados al nombre vicomte de,
Fechas asociadas al nombre 1768-1848
9 (RLIN) 38177
700 1# - ENTRADA AGREGADA--NOMBRE PERSONAL
Nombre de persona Lemoine, John.
9 (RLIN) 128870
830 10 - PUNTO DE ACCESO ADICIONAL DE SERIE-TÍTULO UNIFORME
Título uniforme Collection Michel Lévy
9 (RLIN) 182425
830 1# - PUNTO DE ACCESO ADICIONAL DE SERIE-TÍTULO UNIFORME
Título uniforme Oeuvres choisies de F. de Chateubriand
9 (RLIN) 221963
852 ## - LOCALIZACIÓN
Ubicación ES-MaACL
Número de control de estantería G-10116
Nota libre - Enc. hol.
Holdings
Estatus retirado Estado de pérdida Estado de daño No para préstamo Colección Biblioteca de origen Biblioteca actual Ubicación en estantería Fecha de adquisición Fuente de adquisición Total de préstamos Signatura topográfica completa Código de barras Visto por última vez Precio de reemplazo Tipo de ítem Koha
        Libros del s. XIX Biblioteca del Ateneo de Madrid Biblioteca del Ateneo de Madrid Sala Pecera Planta 3 17/01/2008     G-10116 1167183 23/02/2023 23/02/2023 Libro impreso antiguo